000 00346nam a22001457a 4500
020 _a978-81-265-2180-7
082 _a540
_bCHO/O
100 _aCHOUHAN, M S
245 _aORAGANIC CHEMISTRY FOR IIT-JEE
250 _aREVISED EDITION
260 _aDELHI
_bWILEY INDIA
_c2011
300 _a1170
650 _aCHEMISTRY REFERENCE
_zINDIA
942 _cBK
999 _c1508
_d1508